| 000 | 00726nam a2200241 a 4500 | ||
|---|---|---|---|
| 001 | 49665 | ||
| 003 | BD-RJUL | ||
| 005 | 20211209054718.0 | ||
| 008 | 160822s1970 enka 001 0 eng d | ||
| 020 | _a0422733008 | ||
| 035 | _aBD-RJUL 49785 | ||
| 040 |
_aBD-RjUL _beng _cBD-RjUL |
||
| 041 | _aeng | ||
| 082 |
_a365.94241 _218 _bEMF 1970 |
||
| 100 | 1 |
_aEmery, F. E. _q(Frederick Edmund) _9133724 |
|
| 245 | 1 | 0 |
_aFreedom and justice within walls : _bthe Bristol prison experiment / _cF.E. Emery |
| 260 |
_aLondon : _bTavistock, _c1970 |
||
| 300 |
_axvi, 119 p. : _bill. ; _c23 cm |
||
| 610 | 2 | 0 |
_aBristol Prison _9148923 |
| 830 | 0 |
_aStudies in social ecology and pathology _9148924 |
|
| 942 |
_2ddc _cBK |
||
| 999 |
_c49665 _d49665 |
||